00304nam a2200121 450000500170000002000180001708200130003508400250004810000170007324500390009026000430012930000100017220260525144124.0 a9789355241177 a664bPAR 2Colon Classification aParker, Owen aChemistry and Biochemistry of Food aNew York:bOxford book company;c2024. a272p.